000 00321nam a2200133Ia 4500
100 _aKoren/yeram/ Ben-uri
942 _cBK
654 _anumerical control
245 _aNumerical control of machine tools
260 _bKhanna publishers
_aDelhi
_c1986
082 _a621.9023
_bKOR/BE
300 _a310
546 _aENGLISH
999 _c19465
_d19465